Ghana Railway Development Authority Of The Ministry Of Transport Contract Documents Procurement Of Work Tema - Akosombo Multi-Mudal Railway Project (Record no. 4949)

MARC details
000 -LEADER
fixed length control field 00598nam a22001697a 4500
003 - CONTROL NUMBER IDENTIFIER
control field OSt
005 - DATE AND TIME OF LATEST TRANSACTION
control field 20241211143229.0
008 - FIXED-LENGTH DATA ELEMENTS--GENERAL INFORMATION
fixed length control field 241211b |||||||| |||| 00| 0 eng d
041 ## - LANGUAGE CODE
Language code of text/sound track or separate title English
082 ## - DEWEY DECIMAL CLASSIFICATION NUMBER
Classification number PM/TAM/16 Acc. No. 10,611
110 ## - MAIN ENTRY--CORPORATE NAME
Corporate name or jurisdiction name as entry element Ghana Railway Development Authority
245 ## - TITLE STATEMENT
Title Ghana Railway Development Authority Of The Ministry Of Transport Contract Documents Procurement Of Work Tema - Akosombo Multi-Mudal Railway Project
260 ## - PUBLICATION, DISTRIBUTION, ETC.
Place of publication, distribution, etc. Accra
Name of publisher, distributor, etc. Parliament Of Ghana
Date of publication, distribution, etc. October, 2016
300 ## - PHYSICAL DESCRIPTION
Extent 28P
650 ## - SUBJECT ADDED ENTRY--TOPICAL TERM
Source of heading or term Tema - Akosombo Multi-Mudal Railway Project
942 ## - ADDED ENTRY ELEMENTS (KOHA)
Source of classification or shelving scheme Dewey Decimal Classification
Koha item type Agreements
Suppress in OPAC No
Holdings
Withdrawn status Lost status Source of classification or shelving scheme Damaged status Not for loan Home library Current library Shelving location Date acquired Total checkouts Full call number Date last seen Copy number Price effective from Koha item type
    Dewey Decimal Classification     Main Library Main Library Open Shelves 11/12/2024   PM/TAM/16 Acc. No. 10,611 C1 11/12/2024 1 11/12/2024 Agreements
    Dewey Decimal Classification     Main Library Main Library Open Shelves 11/12/2024   PM/TAM/16 Acc. No. 10,612 C2 11/12/2024 2 11/12/2024 Agreements
    Dewey Decimal Classification     Main Library Main Library Open Shelves 11/12/2024   PM/TAM/16 Acc. No. 10,613 C3 11/12/2024 3 11/12/2024 Agreements
    Dewey Decimal Classification     Main Library Main Library Open Shelves 11/12/2024   PM/TAM/16 Acc. No. 10,614 C4 11/12/2024 4 11/12/2024 Agreements
©2026  Parliament of Ghana Library - All rights reserved